[Event "NOR-chT Club"]
[Site "Kristiansund"]
[Date "2017.10.22"]
[Round "5.15"]
[White "Darnell, Anton"]
[Black "Joa, Sander"]
[Result "1-0"]
[WhiteElo "2078"]
[BlackElo "1433"]
[PlyCount "67"]
[EventDate "2017.10.20"]
[EventType "team-tourn"]
[EventRounds "6"]
[EventCountry "NOR"]
[SourceTitle "CBM 181 Extra"]
[Source "ChessBase"]
[SourceDate "2017.12.12"]
[SourceVersion "1"]
[SourceVersionDate "2017.12.12"]
[SourceQuality "1"]
[WhiteTeam "Kristiansund"]
[BlackTeam "Stavanger Kadett"]
[WhiteTeamCountry "NOR"]
[BlackTeamCountry "NOR"]

1. d4 Nf6 2. Nc3 e6 3. Bf4 c5 4. e3 a6 5. Nf3 Nc6 6. a3 d5 7. Bd3 b5 8. dxc5 Bxc5 9. 0-0 Nh5 10. Bg5 f6 11. Bh4 e5 12. Nxe5 Nxe5 13. Qxh5+ g6 14. Qxe5+ fxe5 15. Bxd8 d4 16. Ne4 Ba7 17. Bf6 Rf8 18. Bg7 dxe3 19. Nd6+ Ke7 20. Bxf8+ Kxf8 21. fxe3+ Kg8 22. Nxc8 Bxe3+ 23. Kh1 Rxc8 24. Rae1 Bh6 25. c3 Rd8 26. Rd1 Re8 27. Be4 Re7 28. Rd8+ Kg7 29. Bd5 Bf4 30. g3 Be3 31. h4 e4 32. g4 g5 33. Rg8+ Kh6 34. Rf6# 1-0

[Event "NOR-ch U16"]
[Site "Stavanger"]
[Date "2017.07.01"]
[Round "3"]
[White "Joa, Sander"]
[Black "Nielsen, Andre"]
[Result "0-1"]
[WhiteElo "1480"]
[BlackElo "2094"]
[PlyCount "46"]
[EventDate "2017.07.01"]
[EventType "swiss"]
[EventRounds "9"]
[EventCountry "NOR"]
[SourceTitle "EXT 2018"]
[Source "ChessBase"]
[SourceDate "2017.10.13"]
[SourceVersion "1"]
[SourceVersionDate "2017.10.13"]
[SourceQuality "1"]

1. e4 c5 2. Nf3 d6 3. d4 cxd4 4. Nxd4 Nf6 5. Nc3 g6 6. g3 Bg7 7. Bg2 0-0 8. 0-0 Nc6 9. Nde2 Bd7 10. h3 a6 11. a3 b5 12. g4 Rc8 13. Ng3 Ne5 14. f4 Nc4 15. Rf3 Bc6 16. Rd3 Nd7 17. b4 Ndb6 18. Ra2 Qc7 19. Be3 Nxe3 20. Rxe3 Qa7 21. Nf1 Nc4 22. Kh2 Nxe3 23. Nxe3 Qxe3 0-1

[Event "Sandnes CC-ch"]
[Site "Sandnes"]
[Date "2015.02.03"]
[Round "2"]
[White "Joa, Sander"]
[Black "Ciobanu, Felix"]
[Result "0-1"]
[WhiteElo "723"]
[BlackElo "880"]
[PlyCount "42"]
[EventDate "2015.02.03"]
[EventType "swiss"]
[EventRounds "7"]
[EventCountry "NOR"]
[SourceTitle "EXT 2017"]
[Source "ChessBase"]
[SourceDate "2016.10.25"]
[SourceVersion "1"]
[SourceVersionDate "2016.10.25"]
[SourceQuality "1"]

1. e4 c5 2. Nf3 Nc6 3. Nc3 e6 4. Bb5 d5 5. exd5 exd5 6. d4 Be6 7. 0-0 Nf6 8. Ne5 Qc7 9. Bf4 Bd6 10. Re1 0-0 11. Bxc6 bxc6 12. Re3 cxd4 13. Qxd4 Nh5 14. Ne2 Nxf4 15. Nxf4 c5 16. Nxe6 fxe6 17. Qg4 Rae8 18. Rae1 d4 19. Rg3 Bxe5 20. Rxe5 Qxe5 21. f4 Qe1# 0-1